000 01119nam a2200301 i 4500
003 DO-SdBNP
005 20250116093858.0
007 ta
008 250116s2024 dr ao 000 0 spa d
020 _a9789945939422
040 _aDO-SdBNP
_bspa
_cBNPHU
_erda
082 _axxx
_bS456
_222
111 1 _aJornada Científica de Historiadores del Arte
_n(1a.
_d19-20 de noviembre 2022 :
_cSanto Domingo, República Dominicana )
_973789
245 1 0 _aSegunda jornada científica de historiadores del arte :
_barte y educación experiencias y perspectivas dedicada a Jeanette Miller
246 _a2da jornada científica de historiadores del arte :
_barte y educación experiencias y perspectivas dedicada a Jeanette Miller
264 4 _aSanto Domingo :
_bADHA,
_bAmigo del Hogar,
_c2024
300 _a81 páginas :
_bilustraciones ;
_c24 cm.
336 _2rdacontent
_atexto
_btxt
337 _2rdamedia
_asin mediación
_bn
338 _2rdacarrier
_avolumen
_bnc
590 _aInventariado, 2024/DG
700 _973790
700 _972665
700 _926642
700 _984614
910 _aDG
942 _2ddc
_cLBS1
999 _c58067
_d58067